| 000 | 01281cam a2200361 a 4500 | ||
|---|---|---|---|
| 999 |
_c28341 _d28312 |
||
| 001 | 014624970 | ||
| 003 | EG-ScBUE | ||
| 005 | 20200316095240.0 | ||
| 008 | 080522t2009 enkab f b 001 0 eng d | ||
| 020 | _a9780321553980 (pbk.) | ||
| 020 | _a0321553985 (pbk.) | ||
| 040 |
_aUk _beng _erda _cUk _dEG-ScBUE |
||
| 082 | 0 | 4 |
_a337 _bKRU _222 |
| 100 | 1 |
_aKrugman, Paul R., _eauthor. |
|
| 245 | 1 | 0 |
_aInternational economics : _btheory & policy / _cPaul R. Krugman, Princeton University, Maurice Obstfeld, University of California, Berkeley. |
| 246 | 3 |
_aInternational economics : _btheory and policy |
|
| 250 | _aEighth edition. | ||
| 250 | _aPearson international edition. | ||
| 264 | 1 |
_aBoston, MA : _bPearson/Addison-Wesley, _c[2009] |
|
| 264 | 4 | _cc2009 | |
| 300 |
_axxviii, 706 pages : _billustrations (some color), map ; _c26 cm. |
||
| 336 |
_atext _2rdacontent _btxt |
||
| 337 |
_aunmediated _2rdamedia _bn |
||
| 338 |
_avolume _2rdacarrier _bnc |
||
| 490 | 0 | _aThe Addison-Wesley series in economics | |
| 504 | _aIncludes bibliographical references and index. | ||
| 650 | 7 |
_aInternational economic relations. _2BUEsh |
|
| 653 |
_bBUSECO _cMarch2020 |
||
| 655 |
_vReading book _934232 |
||
| 700 | 1 |
_aObstfeld, Maurice, _eauthor. |
|
| 942 |
_2ddc _cBB |
||